VMS Library
Email : library.aptu@gmail.com / Tel. 0-2986-9605-6 ext.2003 / Line Official : @vmslibrary
เปลี่ยนเป็นภาษาไทย

Change to English
 แสดงรายละเอียดบรรณานุกรม
  กลับหน้าหลัก

Brief Record : Get Marc (ISO 2709) : E-mail record : QR code ปิดหน้าต่าง
E-Book หนังสือทั่วไป : เกี่ยวกับ Collections
LEADER 01174nam 2200277 a 4500
001    13399121605
003     ULIBM
008    030417s2004 caua sb 001 0 eng
050  4 ^aNA9256.6.น2^bอ45 2538
100 0  ^aอภิชาติ วงศ์แก้ว.
245    ^aการศึกษาผลกระทบ ข้อเสนอแนะด้านผังเมืองและสภาพแวดล้อม กรณีการสร้างถนนพุทธบูชา จังหวัดนครปฐม /^cอภิชาติ วงศ์แก้ว.
260    ^aกรุงเทพฯ :^bมหาจุฬาลงกรณ์ราชวิทยาลัย,^c2538
300    ^a130 หน้า :^bภาพประกอบ (ภาพสีบางภาพ), แปลน ;^c 29 ซม.
650  7 ^aผังเมือง^zไทย^zนครปฐม^xปัญหาและข้อพิพาท.
650  7 ^aพระปฐมเจดีย์ (นครปฐม)^xปัญหาและข้อพิพาท.
650  7 ^aถนนพุทธบูชา (นครปฐม)^xการบำรุงรักษาและการซ่อมแซม.
650  7 ^aถนนพุทธบูชา (นครปฐม)^xแง่สิ่งแวดล้อม.
913    ^aImported by ULIBM Administrator
949    ^aImport form external file by ULIBM system
รายการนี้ยังไม่มีแท็ก
คุณยังไม่ได้ล็อกอิน คุณสามารถมีกิจกรรมร่วมกับเว็บไซต์ได้ แต่ต้องล็อกอินก่อน ::
  ล็อกอิน
ลำดับที่ ประเภท เลขเรียก/บาร์โค้ด สถานที่ สถานะ
1. หนังสือ
หนังสือ
NA9256.6.น2 อ45 2538 2004  
  Barcode: 3 26 025380
หนังสือทั่วไป On Shelf
  ขอยืม
   [แสดง 1/1 รายการ]

BibComment


ยังไม่เคยถูกคอมเมนท์

คอมเมนท์ทรัพยากรรายการนี้
  คอมเมนท์: การศึกษาผลกระทบ ..
Bib 13399121605
 
 
 

 Union Library Management : ULibM
Copyright 2026. All Rights Reserved.